[Event "Koge Xtracon op"]
[Site "Koge"]
[Date "2014.10.15"]
[Round "6"]
[White "Madsen, Michael Ole"]
[Black "Schmidt, Horst Hubert"]
[Result "1-0"]
[WhiteElo "2071"]
[BlackElo "1764"]
[PlyCount "71"]
[EventDate "2014.10.11"]
[EventType "swiss"]
[EventRounds "9"]
[EventCountry "DEN"]
[SourceTitle "EXT 2015"]
[Source "ChessBase"]
[SourceDate "2014.11.20"]
[SourceVersion "1"]
[SourceVersionDate "2014.11.20"]
[SourceQuality "1"]

1. d4 d5 2. c4 e6 3. Nc3 Nf6 4. cxd5 exd5 5. Bg5 Be7 6. e3 0-0 7. Bd3 h6 8. Bh4 c6 9. Qc2 Re8 10. Nf3 Nbd7 11. 0-0 Ng4 12. Bg3 Nf8 13. a3 Bd6 14. Bxd6 Qxd6 15. b4 Bd7 16. h3 Nf6 17. Ne5 a5 18. Rab1 axb4 19. axb4 Ra3 20. Na4 Ra8 21. Nb6 Ra2 22. Nxa8 Rxc2 23. Bxc2 Be6 24. Nb6 g5 25. Na4 g4 26. h4 Nh5 27. b5 g3 28. bxc6 bxc6 29. fxg3 Nxg3 30. Rf3 Nh5 31. Nc5 f6 32. Nxe6 Nxe6 33. Ng4 Qe7 34. Nxh6+ Kh8 35. Rb8+ Nd8 36. Rxd8+ 1-0

[Event "Copenhagen Bronshoj op"]
[Site "Copenhagen"]
[Date "2014.02.08"]
[Round "3"]
[White "Jorgensen, Orla Eilegaard"]
[Black "Schmidt, Horst Hubert"]
[Result "0-1"]
[WhiteElo "1593"]
[BlackElo "1787"]
[PlyCount "50"]
[EventDate "2014.02.07"]
[EventType "swiss"]
[EventRounds "7"]
[EventCountry "DEN"]
[SourceTitle "CBM 158 Extra"]
[Source "ChessBase"]
[SourceDate "2014.02.28"]
[SourceVersion "1"]
[SourceVersionDate "2014.02.28"]
[SourceQuality "1"]

1. e4 d6 2. d4 g6 3. Nf3 Bg7 4. Bc4 Nf6 5. c3 0-0 6. Nbd2 Nc6 7. 0-0 Bg4 8. Re1 e5 9. d5 Ne7 10. h3 Bd7 11. a4 Nh5 12. Nf1 f5 13. exf5 e4 14. Nd4 Bxd4 15. Qxd4 Nxf5 16. Qd2 Qh4 17. g4 e3 18. Nxe3 Nf4 19. gxf5 Nxh3+ 20. Kf1 Nf4 21. f3 Bxf5 22. Nxf5 Qh3+ 23. Kg1 Rxf5 24. Qh2 Rg5+ 25. Kh1 Qxf3+ 0-1

[Event "Copenhagen Bronshoj op"]
[Site "Copenhagen"]
[Date "2014.02.08"]
[Round "2"]
[White "Schmidt, Horst Hubert"]
[Black "Jorgensen, Mikkel"]
[Result "0-1"]
[WhiteElo "1787"]
[BlackElo "1869"]
[PlyCount "108"]
[EventDate "2014.02.07"]
[EventType "swiss"]
[EventRounds "7"]
[EventCountry "DEN"]
[SourceTitle "CBM 158 Extra"]
[Source "ChessBase"]
[SourceDate "2014.02.28"]
[SourceVersion "1"]
[SourceVersionDate "2014.02.28"]
[SourceQuality "1"]

1. e4 c5 2. g3 Nc6 3. Bg2 g6 4. Ne2 Bg7 5. Nbc3 d6 6. d3 Nf6 7. 0-0 0-0 8. Rb1 Rb8 9. Be3 Bd7 10. h3 b5 11. Qd2 b4 12. Nd5 e6 13. Nxf6+ Bxf6 14. c3 bxc3 15. bxc3 Qa5 16. Qc2 Ne5 17. f4 Ba4 18. Qd2 Nc6 19. Kh2 Rb6 20. Rb2 Rxb2 21. Qxb2 Rb8 22. Qa1 Qb5 23. c4 Qb2 24. Qe1 Nb4 25. Nc1 Nc2 26. Qf2 Nxe3 27. Qxe3 Bd4 28. Qf3 Bc6 29. f5 exf5 30. Qf4 Be5 31. Qf3 Qc2 32. h4 Rb2 33. Kh3 h5 34. Kh2 f6 35. Kh1 Kg7 36. Rg1 Qf2 37. Qxf2 Rxf2 38. exf5 Bxg2+ 39. Rxg2 Rf1+ 40. Rg1 Rxg1+ 41. Kxg1 Bxg3 42. Ne2 Bxh4 43. fxg6 Kxg6 44. Kg2 Kf5 45. Kf3 Be1 46. Nf4 h4 47. Ng2 Bg3 48. Ne3+ Ke5 49. Nc2 f5 50. a3 f4 51. Kg4 a6 52. a4 a5 53. Na1 Kd4 54. Nb3+ Ke3 0-1

[Event "Koge Niels Juel Cup"]
[Site "Koge"]
[Date "2013.04.25"]
[Round "7"]
[White "Schmidt, Horst Hubert"]
[Black "Bjorn, Steen"]
[Result "0-1"]
[WhiteElo "1841"]
[BlackElo "1608"]
[PlyCount "98"]
[EventDate "2013.04.20"]
[EventType "swiss"]
[EventRounds "10"]
[EventCountry "DEN"]
[SourceTitle "CBM 154 Extra"]
[Source "ChessBase"]
[SourceDate "2013.06.25"]
[SourceVersion "2"]
[SourceVersionDate "2013.06.25"]
[SourceQuality "1"]

1. d4 f5 2. Nc3 Nf6 3. Bg5 e6 4. e4 fxe4 5. Bxf6 Qxf6 6. Nxe4 Qg6 7. Ng3 Nc6 8. Bd3 Qf7 9. Nf3 Be7 10. 0-0 d6 11. c3 Bd7 12. Qc2 g6 13. Ne4 0-0-0 14. b4 Rdf8 15. b5 Nb8 16. Qa4 d5 17. Nc5 Bxc5 18. dxc5 Be8 19. Qxa7 c6 20. Ne5 Qc7 21. bxc6 Nxc6 22. Nxc6 Bxc6 23. a4 Kd7 24. Bb5 Ra8 25. Qb6 Rhb8 26. Rfe1 Ra5 27. c4 Qxb6 28. cxb6 Bxb5 29. axb5 Rxa1 30. Rxa1 dxc4 31. Rd1+ Ke7 32. Kf1 Rc8 33. Ke2 Rc5 34. Rb1 Kd6 35. Kd2 Rd5+ 36. Kc3 Kc5 37. Re1 Rd3+ 38. Kc2 Rd6 39. Kc3 Rd3+ 40. Kc2 Rd6 41. Re5+ Kb4 42. h4 Rxb6 43. h5 Rxb5 44. Rxe6 Rxh5 45. Rb6+ Rb5 46. Re6 b6 47. Re7 Rh5 48. Rb7 b5 49. Re7 Rh2 0-1

[Event "Koge Niels Juel Cup"]
[Site "Koge"]
[Date "2013.04.21"]
[Round "3"]
[White "Schmidt, Horst Hubert"]
[Black "Andersen, Hans E"]
[Result "1-0"]
[WhiteElo "1841"]
[BlackElo "1719"]
[PlyCount "117"]
[EventDate "2013.04.20"]
[EventType "swiss"]
[EventRounds "10"]
[EventCountry "DEN"]
[SourceTitle "CBM 154 Extra"]
[Source "ChessBase"]
[SourceDate "2013.06.25"]
[SourceVersion "2"]
[SourceVersionDate "2013.06.25"]
[SourceQuality "1"]

1. e4 e5 2. Nc3 Bc5 3. d3 Nc6 4. Be3 Nd4 5. Nge2 d6 6. Qd2 Ne6 7. d4 exd4 8. Nxd4 Nxd4 9. Bxd4 Bxd4 10. Qxd4 Qf6 11. Qa4+ Bd7 12. Qb3 Bc6 13. Bb5 Qd8 14. 0-0 Ne7 15. f4 Rb8 16. Rad1 Bxb5 17. Qxb5+ c6 18. Qg5 0-0 19. f5 f6 20. Qg3 Qb6+ 21. Kh1 Qxb2 22. Rxd6 Rbd8 23. Rfd1 Rxd6 24. Rxd6 Qxc2 25. h4 Qc1+ 26. Kh2 Qa3 27. Rd7 b5 28. h5 h6 29. Rd3 Qc5 30. Ne2 Qe5 31. Qxe5 fxe5 32. Rd7 Kf7 33. Rxa7 Rd8 34. Ng1 Rd4 35. Nf3 Rxe4 36. g4 Kf6 37. Kg3 Re3 38. Kf2 Re4 39. Kg3 Rc4 40. Rd7 e4 41. Rd6+ Kf7 42. Ne5+ Ke8 43. Nxc4 bxc4 44. Rd4 c3 45. Rxe4 Kd7 46. Kf3 Nd5 47. Rc4 Kd6 48. a4 c5 49. a5 Kc6 50. a6 Nb4 51. a7 Kb7 52. a8Q+ Kxa8 53. Rxc3 Na6 54. Ke4 Kb7 55. Kd5 Kc7 56. Ke6 Kc6 57. Kf7 Kd5 58. Kxg7 Kd4 59. Rc1 1-0

[Event "Copenhagen Bronshoj op"]
[Site "Copenhagen"]
[Date "2013.02.10"]
[Round "5"]
[White "Jacobsen, Mikkel Manosri"]
[Black "Schmidt, Horst Hubert"]
[Result "0-1"]
[WhiteElo "1836"]
[BlackElo "1828"]
[PlyCount "66"]
[EventDate "2013.02.08"]
[EventType "swiss"]
[EventRounds "7"]
[EventCountry "DEN"]
[SourceTitle "CBM 152 Extra"]
[Source "ChessBase"]
[SourceDate "2013.02.25"]
[SourceVersion "1"]
[SourceVersionDate "2013.02.25"]
[SourceQuality "1"]

1. d4 d5 2. Nf3 Nf6 3. Bf4 e6 4. e3 Bd6 5. Ne5 0-0 6. Bd3 Nc6 7. c3 Ne7 8. Nd2 Bd7 9. g4 Ng6 10. Bg3 Bc6 11. f4 Bxe5 12. fxe5 Ne4 13. Nxe4 dxe4 14. Be2 Qg5 15. Qd2 Nh4 16. Bf4 Ng2+ 17. Kd1 Nxf4 18. exf4 Qh4 19. Qe3 a6 20. Kc2 b5 21. Rag1 f6 22. Rg3 fxe5 23. dxe5 Qe7 24. g5 b4 25. Bg4 bxc3 26. Qxc3 Bb5 27. Qa3 Bd3+ 28. Kc1 Qd7 29. Qc5 Rxf4 30. Rd1 Raf8 31. Be2 Qa4 32. Bxd3 exd3 33. Qa3 Qc2# 0-1

[Event "Borup op 6th"]
[Site "Borup"]
[Date "2012.09.16"]
[Round "4"]
[White "Pedersen, Hans Dahl"]
[Black "Schmidt, Horst Hubert"]
[Result "0-1"]
[WhiteElo "2211"]
[BlackElo "1863"]
[PlyCount "112"]
[EventDate "2012.09.14"]
[EventType "swiss"]
[EventRounds "9"]
[EventCountry "DEN"]
[SourceTitle "CBM 150 Extra"]
[Source "ChessBase"]
[SourceDate "2012.10.19"]
[SourceVersion "1"]
[SourceVersionDate "2012.10.19"]
[SourceQuality "1"]

1. c4 e6 2. g3 Nf6 3. Bg2 Be7 4. Nf3 0-0 5. 0-0 d5 6. b3 c6 7. Bb2 Nbd7 8. d3 a5 9. Nc3 b6 10. e4 dxe4 11. Nxe4 Bb7 12. Nd4 Qc7 13. Qe2 a4 14. Ng5 Qd6 15. b4 h6 16. c5 bxc5 17. bxc5 Nxc5 18. Ne4 Ncxe4 19. dxe4 Ba6 20. e5 Qxd4 21. Bxd4 Bxe2 22. Rfe1 Bb5 23. exf6 Bxf6 24. Bxf6 gxf6 25. Rac1 Rac8 26. Rc5 Rfd8 27. Rec1 Kg7 28. g4 Rb8 29. R5c2 Rd4 30. h3 Rbd8 31. Bf3 R8d6 32. Kg2 e5 33. Kg3 Rd2 34. Be4 R6d4 35. Bf5 Rxc2 36. Rxc2 Rf4 37. f3 Rd4 38. Rc3 Bc4 39. a3 Bd5 40. Bc2 Kf8 41. Kh4 e4 42. fxe4 Bxe4 43. Bxe4 Rxe4 44. Rxc6 Kg7 45. Ra6 Kg6 46. Ra5 Rd4 47. Ra6 h5 48. Ra5 hxg4 49. hxg4 Re4 50. Ra6 Kg7 51. Ra5 Rd4 52. Kg3 Rd3+ 53. Kf4 Rxa3 54. Kf5 Ra1 55. g5 fxg5 56. Kxg5 a3 0-1

[Event "Politiken Cup 34th"]
[Site "Helsingor"]
[Date "2012.08.05"]
[Round "10"]
[White "Johansen, Kai Roger"]
[Black "Schmidt, Horst Hubert"]
[Result "1-0"]
[WhiteElo "2016"]
[BlackElo "1854"]
[PlyCount "89"]
[EventDate "2012.07.28"]
[EventType "swiss"]
[EventRounds "10"]
[EventCountry "DEN"]
[SourceTitle "CBM 149 Extra"]
[Source "ChessBase"]
[SourceDate "2012.08.24"]
[SourceVersion "1"]
[SourceVersionDate "2012.08.24"]
[SourceQuality "1"]

1. c4 e5 2. Nc3 Nc6 3. Nf3 d6 4. d4 Bg4 5. d5 Nce7 6. e3 Nf6 7. Be2 h6 8. Qb3 Nd7 9. Qa4 c6 10. dxc6 bxc6 11. 0-0 Nc5 12. Qd1 Ng6 13. b4 Ne6 14. Qa4 Qc7 15. h3 Bxf3 16. Bxf3 Rc8 17. Rd1 Be7 18. Nd5 Qd7 19. Nxe7 Nxe7 20. Bb2 Qc7 21. Rd2 0-0 22. Rad1 Rfd8 23. g3 f5 24. h4 Ng6 25. b5 Nc5 26. Qc2 e4 27. Be2 Qe7 28. bxc6 Rxc6 29. Ba3 Ne5 30. Rd5 Ncd3 31. Bxd3 exd3 32. Qb3 Rxc4 33. Rxe5 Qc7 34. Rxf5 d5 35. Rxd3 Rb8 36. Qd1 Rc2 37. Rfxd5 Rxa2 38. Rd8+ Kh7 39. Rxb8 Qxb8 40. Rd8 Ra1 41. Qxa1 Qxd8 42. Bb2 Qc7 43. Bd4 a5 44. Qb1+ Kg8 45. Bb6 1-0

[Event "Politiken Cup 34th"]
[Site "Helsingor"]
[Date "2012.07.31"]
[Round "5"]
[White "Schmidt, Horst Hubert"]
[Black "Olsen, Karsten Kierkegaard"]
[Result "1-0"]
[WhiteElo "1854"]
[BlackElo "1618"]
[PlyCount "40"]
[EventDate "2012.07.28"]
[EventType "swiss"]
[EventRounds "10"]
[EventCountry "DEN"]
[SourceTitle "CBM 149 Extra"]
[Source "ChessBase"]
[SourceDate "2012.08.24"]
[SourceVersion "1"]
[SourceVersionDate "2012.08.24"]
[SourceQuality "1"]

1. e4 c6 2. g3 d5 3. Bg2 dxe4 4. Bxe4 Nf6 5. Bg2 g6 6. d3 Bg7 7. Nc3 0-0 8. Nge2 Re8 9. 0-0 Bg4 10. h3 Bf5 11. g4 Bd7 12. Ng3 e5 13. Be3 Be6 14. Qd2 Nd5 15. Nxd5 cxd5 16. Bh6 Nc6 17. Bxg7 Kxg7 18. a3 Qc7 19. Qg5 f6 20. Nh5+ Kh8 1-0

[Event "Copenhagen Challenge"]
[Site "Ballerup"]
[Date "2012.05.06"]
[Round "9"]
[White "Ulrich, Thomas2222"]
[Black "Schmidt, Horst Hubert"]
[Result "1-0"]
[WhiteElo "1933"]
[BlackElo "1850"]
[PlyCount "99"]
[EventDate "2012.05.02"]
[EventType "swiss"]
[EventRounds "9"]
[EventCountry "DEN"]
[SourceTitle "CBM 148 Extra"]
[Source "ChessBase"]
[SourceDate "2012.06.22"]
[SourceVersion "1"]
[SourceVersionDate "2012.06.22"]
[SourceQuality "1"]

1. e4 e6 2. d4 d5 3. Nd2 dxe4 4. Nxe4 Bd7 5. Nf3 Bc6 6. Bd3 Nd7 7. 0-0 Be7 8. Re1 Ngf6 9. Nxf6+ Nxf6 10. c3 Bxf3 11. Qxf3 0-0 12. Qxb7 c5 13. Be4 Nxe4 14. Qxe4 cxd4 15. cxd4 Bf6 16. Be3 Rb8 17. Re2 a5 18. Rc2 Rb5 19. Rac1 Qb8 20. b3 Rd8 21. Rc5 g6 22. Qf3 Bg7 23. Rc7 Rf5 24. Qc6 Rfd5 25. Rc8 Qb4 26. Rxd8+ Rxd8 27. Qc7 Bf6 28. h3 Rd5 29. Rc5 Qe1+ 30. Kh2 Bd8 31. Qc8 Rd6 32. Qb8 Rd7 33. Bg5 Kg7 34. Bxd8 Qxf2 35. Bxa5 f6 36. Qg3 Qxd4 37. Rc7 e5 38. Rxd7+ Qxd7 39. Qe3 h5 40. Qd2 Qf5 41. Bc7 g5 42. Qe2 g4 43. a4 g3+ 44. Kg1 Qb1+ 45. Qf1 Qxb3 46. a5 Qe3+ 47. Kh1 Qf2 48. Qd1 h4 49. Bb6 Qf4 50. Qg4+ 1-0

[Event "Copenhagen Challenge"]
[Site "Ballerup"]
[Date "2012.05.03"]
[Round "3"]
[White "Schmidt, Horst Hubert"]
[Black "Einarsson, Oskar Long"]
[Result "1-0"]
[WhiteElo "1850"]
[BlackElo "1587"]
[PlyCount "77"]
[EventDate "2012.05.02"]
[EventType "swiss"]
[EventRounds "9"]
[EventCountry "DEN"]
[SourceTitle "CBM 148 Extra"]
[Source "ChessBase"]
[SourceDate "2012.06.22"]
[SourceVersion "1"]
[SourceVersionDate "2012.06.22"]
[SourceQuality "1"]

1. e4 c5 2. Nc3 Nc6 3. g3 g6 4. Bg2 Bg7 5. Nge2 e6 6. 0-0 Nge7 7. d3 d5 8. exd5 exd5 9. h3 0-0 10. g4 b6 11. Ng3 Bb7 12. f4 d4 13. Nce4 f5 14. gxf5 Nxf5 15. Nxf5 Rxf5 16. Ng5 Qd7 17. Be4 Rff8 18. c3 h6 19. Qb3+ Kh8 20. Qe6 Qxe6 21. Nxe6 Rf6 22. Nxg7 Kxg7 23. Bd2 Re8 24. b4 Re7 25. bxc5 bxc5 26. Rab1 Nd8 27. Bxb7 Rxb7 28. cxd4 cxd4 29. Kg2 Rfb6 30. Rxb6 Rxb6 31. Kf3 Rb2 32. Ba5 Nc6 33. Bc7 Rxa2 34. Ke4 Rc2 35. Be5+ Kf7 36. Bxd4 Re2+ 37. Be3 a5 38. d4 a4 39. d5 1-0

[Event "Politiken Cup 33rd"]
[Site "Helsingor"]
[Date "2011.08.05"]
[Round "8"]
[White "Skou, Niels"]
[Black "Schmidt, Horst Hubert"]
[Result "1-0"]
[WhiteElo "2093"]
[BlackElo "1816"]
[PlyCount "65"]
[EventDate "2011.07.30"]
[EventType "swiss"]
[EventRounds "10"]
[EventCountry "DEN"]
[SourceTitle "CBM 143 Extra"]
[Source "ChessBase"]
[SourceDate "2011.08.29"]
[SourceVersion "1"]
[SourceVersionDate "2011.08.29"]
[SourceQuality "1"]

1. Nf3 d5 2. d4 Nf6 3. g3 e6 4. Bg2 c5 5. 0-0 Nc6 6. b3 Be7 7. Bb2 0-0 8. e3 Bd7 9. c4 dxc4 10. bxc4 Qb6 11. Qe2 cxd4 12. exd4 Rfe8 13. Nc3 a6 14. Rab1 Rab8 15. Rfd1 Qa5 16. Ne5 Red8 17. Nxd7 Rxd7 18. d5 exd5 19. Bh3 Rbd8 20. Bxd7 Rxd7 21. Nxd5 Nxd5 22. cxd5 Rxd5 23. Rxd5 Qxd5 24. Rd1 Qa5 25. Rd7 Qb4 26. a3 Qc5 27. Rxb7 Bf8 28. Qf3 Nd8 29. Rd7 Qc8 30. Qf5 Qb8 31. Be5 Qc8 32. Bc7 Be7 33. Rxd8+ 1-0

[Event "Politiken Cup 33rd"]
[Site "Helsingor"]
[Date "2011.08.03"]
[Round "6"]
[White "Klings, Peter"]
[Black "Schmidt, Horst Hubert"]
[Result "1-0"]
[WhiteElo "2149"]
[BlackElo "1816"]
[PlyCount "49"]
[EventDate "2011.07.30"]
[EventType "swiss"]
[EventRounds "10"]
[EventCountry "DEN"]
[SourceTitle "CBM 143 Extra"]
[Source "ChessBase"]
[SourceDate "2011.08.29"]
[SourceVersion "1"]
[SourceVersionDate "2011.08.29"]
[SourceQuality "1"]

1. e4 d6 2. d4 Nf6 3. Nc3 g6 4. Nf3 Bg7 5. h3 0-0 6. Be3 Nc6 7. d5 Nb8 8. Bc4 c6 9. dxc6 bxc6 10. e5 Ne8 11. 0-0 d5 12. Nxd5 Nc7 13. Nf4 e6 14. Nd3 Nd7 15. Bg5 Qe8 16. Qe2 h6 17. Be3 Nb6 18. Bb3 Kh7 19. Bc5 Rg8 20. c4 Nd7 21. Bd6 a5 22. Bxc7 a4 23. Bc2 Ba6 24. b3 Ra7 25. Bd6 1-0

[Event "Politiken Cup 33rd"]
[Site "Helsingor"]
[Date "2011.08.02"]
[Round "5"]
[White "Schmidt, Horst Hubert"]
[Black "Nielsen, Frode Benedikt"]
[Result "1-0"]
[WhiteElo "1816"]
[BlackElo "2028"]
[PlyCount "71"]
[EventDate "2011.07.30"]
[EventType "swiss"]
[EventRounds "10"]
[EventCountry "DEN"]
[SourceTitle "CBM 143 Extra"]
[Source "ChessBase"]
[SourceDate "2011.08.29"]
[SourceVersion "1"]
[SourceVersionDate "2011.08.29"]
[SourceQuality "1"]

1. Nf3 Nf6 2. d4 c5 3. e3 e6 4. Bd3 a6 5. 0-0 Qc7 6. c3 b5 7. Nbd2 Bb7 8. e4 cxd4 9. cxd4 d6 10. b3 e5 11. Bb2 exd4 12. Bxd4 Nc6 13. Rc1 Qa5 14. e5 Nxd4 15. exf6 Ne6 16. Ne4 Qxa2 17. Bxb5+ axb5 18. Nxd6+ Bxd6 19. Qxd6 gxf6 20. Rfe1 Qa6 21. Qb4 Bxf3 22. Rc7 Qa3 23. Qxb5+ Kf8 24. Rcc1 Rg8 25. g3 Rg5 26. Qd3 Bd5 27. Qxh7 Qxb3 28. Rc7 Rg7 29. Qh8+ Rg8 30. Qh6+ Rg7 31. Qh8+ Rg8 32. Qh6+ Ng7 33. Qxf6 Qb4 34. Rec1 Qe4 35. Qd6+ Qe7 36. Qxe7# 1-0

[Event "Copenhagen Challenge"]
[Site "Ballerup"]
[Date "2011.05.20"]
[Round "5"]
[White "Schmidt, Horst Hubert"]
[Black "Hein, Jacob"]
[Result "1-0"]
[WhiteElo "1834"]
[BlackElo "1577"]
[PlyCount "129"]
[EventDate "2011.05.18"]
[EventType "swiss"]
[EventRounds "9"]
[EventCountry "DEN"]
[SourceTitle "EXT 2018"]
[Source "ChessBase"]
[SourceDate "2017.10.13"]
[SourceVersion "1"]
[SourceVersionDate "2017.10.13"]
[SourceQuality "1"]

1. e4 d6 2. g3 Nd7 3. Bg2 e5 4. Ne2 Ngf6 5. 0-0 Be7 6. d3 h6 7. Nbc3 c6 8. h3 Nf8 9. Be3 Be6 10. g4 Nxg4 11. hxg4 Bxg4 12. f3 Be6 13. d4 exd4 14. Bxd4 Qa5 15. f4 Bg4 16. Qd3 Ne6 17. Be3 0-0-0 18. b4 Qa3 19. b5 Bxe2 20. Qxe2 Qxc3 21. bxc6 Qxc6 22. Rab1 Nc5 23. e5 d5 24. c4 Qg6 25. f5 Qg3 26. Bf4 Qd3 27. Qxd3 Nxd3 28. Be3 Nc5 29. cxd5 b6 30. d6 Bxd6 31. exd6 Rxd6 32. Rfc1 g5 33. Bxc5 bxc5 34. Rxc5+ Kd7 35. Rb7+ Ke8 36. Rc8+ Rd8 37. Bc6+ Kf8 38. Rxd8+ Kg7 39. Rdd7 Rf8 40. Bd5 Kf6 41. Rxa7 Ke5 42. Bxf7 Kxf5 43. Bh5 Rc8 44. Rf7+ Ke5 45. Ra5+ Ke4 46. Bg6+ Ke3 47. Re5+ Kd4 48. Re4+ Kd5 49. Rd7+ Kc5 50. Rd3 Rf8 51. Ra4 Rf6 52. Bh5 Rb6 53. Kf2 Rb2+ 54. Ke3 Rh2 55. Bf3 h5 56. Rd5+ Kb6 57. Rxg5 h4 58. Rb4+ Kc7 59. a4 h3 60. Rh4 Ra2 61. Rh6 Ra3+ 62. Kf2 Ra2+ 63. Be2 Rxe2+ 64. Kxe2 h2 65. Rg7+ 1-0

[Event "Borup op 5th"]
[Site "Borup"]
[Date "2010.09.11"]
[Round "8"]
[White "Schmidt, Horst Hubert"]
[Black "Christensen, Henrik"]
[Result "0-1"]
[WhiteElo "1869"]
[BlackElo "2014"]
[PlyCount "126"]
[EventDate "2010.09.03"]
[EventType "swiss"]
[EventRounds "9"]
[EventCountry "DEN"]
[SourceTitle "CBM 138 Extra"]
[Source "ChessBase"]
[SourceDate "2010.10.29"]
[SourceVersion "1"]
[SourceVersionDate "2010.10.29"]
[SourceQuality "1"]

1. e4 c6 2. d4 d5 3. Bd3 dxe4 4. Bxe4 Nf6 5. Bf3 Bf5 6. Ne2 e6 7. Ng3 Bg6 8. 0-0 Bd6 9. Bg5 Nbd7 10. c4 Qa5 11. Bd2 Qc7 12. Nc3 0-0 13. Rc1 Rfe8 14. d5 e5 15. Nce4 Nxe4 16. Bxe4 Nf6 17. Bxg6 hxg6 18. c5 Bf8 19. d6 Qd7 20. b4 Qe6 21. a4 Qa2 22. Bg5 Nd7 23. Qg4 Qe6 24. Qe2 Qb3 25. Qg4 Re6 26. Ra1 b6 27. Rfb1 Qd5 28. Rd1 Qb3 29. Qe4 Rc8 30. Be3 f5 31. Nxf5 gxf5 32. Qxf5 Rd8 33. Qe4 bxc5 34. bxc5 Qb7 35. Qc4 Rde8 36. Rab1 Qc8 37. Rb3 Nf6 38. Bg5 Nd5 39. Rdb1 Bxd6 40. cxd6 Rxd6 41. Be7 Rd7 42. Rb8 Qxb8 43. Rxb8 Rxb8 44. h4 Rxe7 45. Qxc6 Nf6 46. g4 Rbe8 47. g5 Nh5 48. Qc4+ Kh8 49. Qe4 Nf4 50. Kh2 Re6 51. Kg3 g6 52. f3 Kh7 53. Kg4 R6e7 54. a5 Rf8 55. a6 Rf5 56. Qc6 Ref7 57. Qe8 Nh5 58. Qb8 Rf4+ 59. Kh3 Rxf3+ 60. Kg2 e4 61. Qa8 Rf2+ 62. Kg1 e3 63. Qe4 e2 0-1